| 000 | 00762nam a2200217 a 4500 | ||
|---|---|---|---|
| 005 | 20240213064352.0 | ||
| 008 | 010504m19861996mx r 000 0 spa d | ||
| 020 | _a9681621999 | ||
| 035 | _aUPN01000106074 | ||
| 049 | _aCG | ||
| 050 | 4 |
_aRC338 _bA3.78 |
|
| 100 | 1 |
_aAndreoli, Vittorino, _d1940- _930410 |
|
| 245 | 1 | 3 |
_aLa tercera vía de la psiquiatría : _blocura, individuo, ambiente, historia / _cVittorino Andreoli ; tr. de Héctor Pérez Rincón. |
| 260 |
_aMéxico : _bFCE, _c1986 (1996 impr.). |
||
| 300 | _a243 p. | ||
| 440 | 0 | _aBiblioteca de psicología y psicoanálisis | |
| 534 |
_pTraducción de: _tLa terza vida della psichiatria : follia, individuo, ambiente, storia |
||
| 650 | 4 |
_aPsiquiatría _910046 |
|
| 905 | _aLibro | ||
| 999 |
_c79987 _d79987 |
||